| 000 | 00539cam a22001931 4500 | ||
|---|---|---|---|
| 001 | af 48000978 | ||
| 003 | DLC | ||
| 005 | 20260227110846.0 | ||
| 008 | 890523s1946 gw 000 0 ger c | ||
| 010 | _aaf 48000978 | ||
| 035 | _a(OCoLC)19754857 | ||
| 040 |
_aCalifornia. Univ. Libr. _cCU _dCU _dDLC |
||
| 042 | _apremarc | ||
| 050 | 0 | 0 |
_aPT2635.O235 _bL5 |
| 100 | 1 |
_aRochowanski, L. W. _q(Leopold Wolfgang), _d1885- |
|
| 245 | 1 | 4 |
_aDas Liebesfest, _beine Traumphantasie. |
| 260 |
_a[Coburg] _bH. Winkler _c[1946] |
||
| 300 |
_a186 p. _c19 cm. |
||
| 999 |
_c4294 _d4294 |
||